000 01883nam a2200517 i 4500
001 53161
003 KOSZ 005
005 20250722063911.0
008 981102s1998 pl a |001 0 pol
015 _aUWD 1998/14696
020 _a8301126221
035 _a991007497069705066
035 _a(PL-WaBN)b11944900-48omnis_nlop
035 _ab11944900
035 _a(OCoLC)749913963
035 _azz2005992050
035 _a(PL)b0000001194490
035 _a(EXLNZ-48OMNIS_NETWORK)9910493556005606
040 _aWA N
_cWA N
_dKOSZ 005/HR
046 _k1998
080 _a658.1/.5
245 0 0 _aEkonomika i zarządzanie małą firmą /
_cBogdan Piasecki red. nauk. ; [aut. Jerzy Dietl et al.] ; Fundacja Edukacyjna Przedsiębiorczości.
260 _aWarszawa ;
_aŁódź :
_bWydawnictwo Naukowe PWN,
_c1998.
300 _a570, [1] s. :
_brys., wykr. ;
_c24 cm.
336 _aTekst
_btxt
_2rdacontent
337 _aBez urządzenia pośredniczącego
_bn
_2rdamedia
338 _aWolumin
_bnc
_2rdacarrier
380 _aKsiążki
388 _a1901-2000
388 _a1989-2000
490 1 _aPrzedsiębiorczość
500 _aNazwy aut. na s. 12.
504 _aBibliogr. s. 557-566 i przy rozdz. - Indeks.
650 7 _aPrzedsiębiorstwa małe i średnie (MŚP)
_2DBN
650 7 _aEkonomika przedsiębiorstwa
658 _aGospodarka, ekonomia, finanse
658 _aZarządzanie i marketing
700 1 _aDietl, Jerzy
_d(1927-2021)
_eAutor
700 1 _aPiasecki, Bogdan
_eRedakcja
710 2 _aFundacja Edukacyjna Przedsiębiorczości
710 2 _aWydawnictwo Naukowe PWN
_4pbl
830 0 _aPrzedsiębiorczość (PWN)
856 _uhttp://koha.tu.koszalin.pl/cgi-bin/koha/opac-detail.pl?biblionumber=53161
_yKatalog online BPK
942 _2UKD
_cKS
999 _c53161
_d53161